[Event "DVM U12 2023"]
[Site "Magdeburg GER"]
[Date "2023.12.29"]
[Round "5"]
[White "Zhou, Louis Yuchen"]
[Black "Volz, Alexander Sebastian"]
[Result "1-0"]
[Termination "normal"]
[Board "9.4"]
[WhiteElo "963"]
[BlackElo "1159"]
[WhiteClock "00:22:45"]
[BlackClock "00:57:20"]
[WhiteTeam "SF Brackel 1930"]
[BlackTeam "Karlsruher SF 1853"]
[PlyCount "87"]
[WhiteFideId "34649417"]
[BlackFideId "34681760"]
[EventCountry "GER"]
[EventRounds "7"]
[EventType "team-swiss"]
[EventDate "2023.12.26"]

1. e4 {[%clk 01:30:56]} {[%emt 00:00:04]} e5 {[%clk 01:30:52]} {[%emt
00:00:08]} 2. Nf3 {[%clk 01:31:20]} {[%emt 00:00:07]} Nc6 {[%clk 01:31:18]}
{[%emt 00:00:04]} 3. Bc4 {[%clk 01:31:38]} {[%emt 00:00:12]} Bc5 {[%clk
01:31:28]} {[%emt 00:00:20]} 4. Nc3 {[%clk 01:31:51]} {[%emt 00:00:17]} Nf6
{[%clk 01:31:43]} {[%emt 00:00:15]} 5. d3 {[%clk 01:32:03]} {[%emt 00:00:18]}
h6 {[%clk 01:32:08]} {[%emt 00:00:05]} 6. Be3 {[%clk 01:32:15]} {[%emt
00:00:18]} Bb6 {[%clk 01:32:30]} {[%emt 00:00:08]} 7. Qd2 {[%clk 01:32:08]}
{[%emt 00:00:37]} d6 {[%clk 01:32:35]} {[%emt 00:00:26]} 8. h3 {[%clk
01:32:23]} {[%emt 00:00:15]} Be6 {[%clk 01:31:54]} {[%emt 00:01:11]} 9. Bb3
{[%clk 01:32:46]} {[%emt 00:00:06]} Qd7 {[%clk 01:32:07]} {[%emt 00:00:17]} 10.
O-O-O {[%clk 01:32:22]} {[%emt 00:00:54]} Bxb3 {[%clk 01:32:21]} {[%emt
00:00:16]} 11. cxb3 {[%clk 01:32:27]} {[%emt 00:00:25]} Ba5 {[%clk 01:32:35]}
{[%emt 00:00:17]} 12. Qe2 {[%clk 01:31:23]} {[%emt 00:01:33]} O-O {[%clk
01:32:13]} {[%emt 00:00:51]} 13. Nh4 {[%clk 01:29:19]} {[%emt 00:02:36]} Rfe8
{[%clk 01:29:53]} {[%emt 00:02:49]} 14. Nf5 {[%clk 01:28:14]} {[%emt 00:01:35]}
Kh7 {[%clk 01:26:55]} {[%emt 00:03:27]} 15. Qd2 {[%clk 01:25:05]} {[%emt
00:03:39]} Ng8 {[%clk 01:26:03]} {[%emt 00:01:22]} 16. a3 {[%clk 01:21:02]}
{[%emt 00:04:33]} Nce7 {[%clk 01:25:14]} {[%emt 00:01:19]} 17. g4 {[%clk
01:19:22]} {[%emt 00:02:10]} d5 {[%clk 01:23:41]} {[%emt 00:02:02]} 18. b4
{[%clk 01:16:27]} {[%emt 00:03:26]} Bb6 {[%clk 01:22:09]} {[%emt 00:02:00]} 19.
Nxe7 {[%clk 01:13:24]} {[%emt 00:03:35]} Bxe3 {[%clk 01:19:25]} {[%emt
00:03:14]} 20. Qxe3 {[%clk 01:13:01]} {[%emt 00:00:53]} d4 {[%clk 01:19:44]}
{[%emt 00:00:12]} 21. Qg3 {[%clk 01:11:44]} {[%emt 00:01:47]} Rxe7 {[%clk
01:19:40]} {[%emt 00:00:34]} 22. Nd5 {[%clk 01:11:16]} {[%emt 00:00:57]} Ree8
{[%clk 01:17:24]} {[%emt 00:02:46]} 23. h4 {[%clk 01:09:41]} {[%emt 00:02:06]}
c6 {[%clk 01:16:49]} {[%emt 00:01:06]} 24. Rdg1 {[%clk 01:06:34]} {[%emt
00:03:36]} g6 {[%clk 01:16:06]} {[%emt 00:01:13]} 25. g5 {[%clk 01:06:16]}
{[%emt 00:00:49]} cxd5 {[%clk 01:15:59]} {[%emt 00:00:36]} 26. h5 {[%clk
01:01:50]} {[%emt 00:04:57]} Ne7 {[%clk 01:14:24]} {[%emt 00:02:04]} 27. hxg6+
{[%clk 00:35:15]} {[%emt 00:30:46]} fxg6 {[%clk 01:11:29]} {[%emt 00:02:19]}
28. Rxh6+ {[%clk 00:35:26]} {[%emt 00:00:20]} Kg8 {[%clk 01:09:41]} {[%emt
00:02:17]} 29. Rgh1 {[%clk 00:29:59]} {[%emt 00:05:57]} Rac8+ {[%clk 01:07:09]}
{[%emt 00:03:01]} 30. Kb1 {[%clk 00:29:58]} {[%emt 00:00:32]} Qc6 {[%clk
01:00:31]} {[%emt 00:07:05]} 31. Qf3 {[%clk 00:27:46]} {[%emt 00:02:45]} Qc2+
{[%clk 00:59:29]} {[%emt 00:01:30]} 32. Ka1 {[%clk 00:26:59]} {[%emt 00:01:20]}
Nf5 {[%clk 00:57:52]} {[%emt 00:02:06]} 33. exf5 {[%clk 00:26:20]} {[%emt
00:01:09]} Rf8 {[%clk 00:57:18]} {[%emt 00:01:03]} 34. fxg6 {[%clk 00:25:50]}
{[%emt 00:01:01]} Kg7 {[%clk 00:56:19]} {[%emt 00:01:29]} 35. Rh7+ {[%clk
00:26:09]} {[%emt 00:00:11]} Kg8 {[%clk 00:56:40]} {[%emt 00:00:08]} 36. Rh8+
{[%clk 00:26:29]} {[%emt 00:00:10]} Kg7 {[%clk 00:56:46]} {[%emt 00:00:24]} 37.
R1h7+ {[%clk 00:26:35]} {[%emt 00:00:25]} Kxg6 {[%clk 00:56:31]} {[%emt
00:00:44]} 38. Qh5+ {[%clk 00:22:18]} {[%emt 00:04:47]} Kf5 {[%clk 00:56:43]}
{[%emt 00:00:18]} 39. Rxf8+ {[%clk 00:21:41]} {[%emt 00:01:07]} Rxf8 {[%clk
00:57:03]} {[%emt 00:00:10]} 40. Qf3+ {[%clk 00:22:05]} {[%emt 00:00:07]} Ke6
{[%clk 00:57:13]} {[%emt 00:00:19]} 41. Qxf8 {[%clk 00:22:04]} {[%emt
00:00:32]} a6 {[%clk 00:56:47]} {[%emt 00:00:55]} 42. Rh6+ {[%clk 00:22:08]}
{[%emt 00:00:27]} Kd7 {[%clk 00:57:05]} {[%emt 00:00:12]} 43. Qf7+ {[%emt
00:00:21]} Kd8 {[%clk 00:57:20]} {[%emt 00:00:10]} 44. Rh8# {[%clk 00:22:45]}
{[%emt 00:00:07]} 1-0

[Event "DVM U12 2023"]
[Site "Magdeburg GER"]
[Date "2023.12.29"]
[Round "5"]
[White "Wagner, Cosima Thien-An"]
[Black "Shevchenko, Igor"]
[Result "1-0"]
[Termination "normal"]
[Board "10.1"]
[WhiteElo "1531"]
[BlackElo "1552"]
[WhiteClock "00:04:15"]
[BlackClock "01:02:32"]
[WhiteTeam "TV Tegernsee"]
[BlackTeam "Schachzwerge Magdeburg"]
[PlyCount "65"]
[WhiteFideId "34603484"]
[BlackFideId "34634924"]
[EventCountry "GER"]
[EventRounds "7"]
[EventType "team-swiss"]
[EventDate "2023.12.26"]

1. e4 {[%clk 01:30:57]} {[%emt 00:00:02]} c6 {[%clk 01:30:57]} {[%emt
00:00:04]} 2. d3 {[%clk 01:31:23]} {[%emt 00:00:03]} d5 {[%clk 01:31:10]}
{[%emt 00:00:17]} 3. Nd2 {[%clk 01:31:49]} {[%emt 00:00:04]} e6 {[%clk
01:31:20]} {[%emt 00:00:20]} 4. Ngf3 {[%clk 01:31:53]} {[%emt 00:00:26]} Nf6
{[%clk 01:29:57]} {[%emt 00:01:53]} 5. g3 {[%clk 01:31:14]} {[%emt 00:01:09]}
Be7 {[%clk 01:29:41]} {[%emt 00:00:46]} 6. Bg2 {[%clk 01:31:32]} {[%emt
00:00:12]} Na6 {[%clk 01:28:55]} {[%emt 00:01:16]} 7. O-O {[%clk 01:31:10]}
{[%emt 00:00:52]} O-O {[%clk 01:29:05]} {[%emt 00:00:21]} 8. e5 {[%clk
01:26:34]} {[%emt 00:05:06]} Nd7 {[%clk 01:29:09]} {[%emt 00:00:26]} 9. Re1
{[%clk 01:21:07]} {[%emt 00:05:56]} c5 {[%clk 01:27:42]} {[%emt 00:01:57]} 10.
c3 {[%clk 01:19:47]} {[%emt 00:01:50]} Re8 {[%clk 01:24:56]} {[%emt 00:03:17]}
11. b3 {[%clk 01:10:07]} {[%emt 00:10:10]} Nf8 {[%clk 01:23:26]} {[%emt
00:01:59]} 12. Ba3 {[%clk 01:08:17]} {[%emt 00:02:19]} Ng6 {[%clk 01:21:25]}
{[%emt 00:02:32]} 13. d4 {[%clk 01:05:49]} {[%emt 00:02:58]} cxd4 {[%clk
01:21:38]} {[%emt 00:00:17]} 14. Bxe7 {[%clk 01:06:11]} {[%emt 00:00:08]} Qxe7
{[%clk 01:22:05]} {[%emt 00:00:09]} 15. Nxd4 {[%clk 01:02:54]} {[%emt
00:03:42]} Bd7 {[%clk 01:18:44]} {[%emt 00:03:50]} 16. c4 {[%clk 00:58:06]}
{[%emt 00:05:18]} Bc6 {[%clk 01:18:29]} {[%emt 00:00:45]} 17. Qe2 {[%clk
00:47:59]} {[%emt 00:10:36]} Nc7 {[%clk 01:14:34]} {[%emt 00:04:26]} 18. Rac1
{[%clk 00:36:16]} {[%emt 00:12:14]} Qd7 {[%clk 01:10:02]} {[%emt 00:05:01]} 19.
b4 {[%clk 00:28:02]} {[%emt 00:08:44]} a6 {[%clk 01:07:06]} {[%emt 00:03:26]}
20. N2b3 {[%clk 00:27:46]} {[%emt 00:00:46]} Qe7 {[%clk 01:04:05]} {[%emt
00:03:31]} 21. b5 {[%clk 00:19:26]} {[%emt 00:08:50]} Bd7 {[%clk 01:03:49]}
{[%emt 00:00:46]} 22. b6 {[%clk 00:17:22]} {[%emt 00:02:34]} dxc4 {[%clk
01:03:48]} {[%emt 00:00:31]} 23. bxc7 {[%clk 00:15:36]} {[%emt 00:02:16]} cxb3
{[%clk 01:04:14]} {[%emt 00:00:04]} 24. Bxb7 {[%clk 00:11:45]} {[%emt
00:04:21]} bxa2 {[%clk 01:03:43]} {[%emt 00:01:01]} 25. Bxa8 {[%clk 00:10:46]}
{[%emt 00:01:29]} Rxa8 {[%clk 01:04:01]} {[%emt 00:00:11]} 26. Qxa2 {[%clk
00:10:28]} {[%emt 00:01:04]} Bc8 {[%clk 01:04:10]} {[%emt 00:00:05]} 27. Nb5
{[%clk 00:09:12]} {[%emt 00:01:45]} Qd7 {[%clk 01:02:57]} {[%emt 00:01:44]} 28.
Nd6 {[%clk 00:09:11]} {[%emt 00:00:30]} Nxe5 {[%clk 01:03:22]} {[%emt
00:00:05]} 29. Rxe5 {[%clk 00:07:13]} {[%emt 00:02:28]} Qxd6 {[%clk 01:03:47]}
{[%emt 00:00:06]} 30. Re2 {[%clk 00:05:39]} {[%emt 00:02:03]} g6 {[%clk
01:02:16]} {[%emt 00:02:01]} 31. Rd2 {[%clk 00:05:53]} {[%emt 00:00:15]} Qb6
{[%clk 01:02:42]} {[%emt 00:00:03]} 32. Qb1 {[%clk 00:04:54]} {[%emt 00:01:30]}
Qa7 {[%clk 01:02:32]} {[%emt 00:00:40]} 33. Qb2 {[%clk 00:04:15]} {[%emt
00:01:09]} 1-0

[Event "DVM U12 2023"]
[Site "Magdeburg GER"]
[Date "2023.12.29"]
[Round "5"]
[White "Seeger, Lennert"]
[Black "Greive, Jakob"]
[Result "1-0"]
[Termination "normal"]
[Board "10.2"]
[WhiteElo "1030"]
[BlackElo "1558"]
[WhiteClock "01:30:30"]
[BlackClock "01:30:30"]
[WhiteTeam "Schachzwerge Magdeburg"]
[BlackTeam "TV Tegernsee"]
[PlyCount "25"]
[WhiteFideId "34684760"]
[BlackFideId "34603476"]
[EventCountry "GER"]
[EventRounds "7"]
[EventType "team-swiss"]
[EventDate "2023.12.26"]

1. e4 e5 2. Nf3 Nc6 3. Bc4 Bc5 4. c3 Nf6 5. d4 exd4 6. cxd4 Bb4+ 7. Bd2 Nxe4 8.
Bxb4 Nxb4 9. Bxf7+ Kxf7 10. Qb3+ d5 11. Qxb4 Re8 12. O-O Kg8 {[%clk 01:30:30]}
13. Re1 {[%clk 01:30:30]} 1-0

[Event "DVM U12 2023"]
[Site "Magdeburg GER"]
[Date "2023.12.29"]
[Round "5"]
[White "Hefele, Stefanie"]
[Black "Wolff, Theodor Emil"]
[Result "1-0"]
[Termination "normal"]
[Board "10.3"]
[WhiteElo "1174"]
[BlackElo "912"]
[WhiteClock "00:56:27"]
[BlackClock "01:07:09"]
[WhiteTeam "TV Tegernsee"]
[BlackTeam "Schachzwerge Magdeburg"]
[PlyCount "53"]
[WhiteFideId "34612041"]
[BlackFideId "34684778"]
[EventCountry "GER"]
[EventRounds "7"]
[EventType "team-swiss"]
[EventDate "2023.12.26"]

1. e4 e5 2. Nf3 Nc6 3. Nc3 Nf6 4. d4 exd4 5. Nxd4 Bc5 6. Be3 Bb6 7. Bc4 Qe7 8.
Nxc6 bxc6 9. Qd3 Bb7 10. O-O-O O-O 11. f3 Rad8 12. Bxb6 cxb6 13. Rd2 b5 14. Bb3
a5 15. a4 bxa4 16. Bxa4 d5 17. Qe3 c5 18. Nb5 Bc6 19. Re1 Rb8 20. exd5 Qxe3 21.
Rxe3 Nxd5 22. Rb3 c4 23. Ra3 Rfd8 24. Na7 Ba8 25. Bc6 Ne3 26. Rxd8+ Rxd8 27.
Rxe3 Kf8 28. Re4 Bxc6 29. Nxc6 Rd6 30. Rxc4 Rd5 31. Ra4 Rg5 32. g3 f6 33. Rxa5
Rxa5 34. Nxa5 Ke7 35. b4 Kd7 36. c4 g5 37. g4 h5 38. Kd2 f5 39. Ke2 Kc7 40. c5
Kb8 41. b5 Kc8 42. c6 Kb8 43. h4 f4 44. Kf2 Kc8 45. hxg5 1-0

[Event "DVM U12 2023"]
[Site "Magdeburg GER"]
[Date "2023.12.29"]
[Round "5"]
[White "Schröter, Juri"]
[Black "Mügschl, Frederick"]
[Result "1/2-1/2"]
[Termination "normal"]
[Board "10.4"]
[WhiteElo "974"]
[BlackElo "1097"]
[WhiteClock "00:50:51"]
[BlackClock "01:09:01"]
[WhiteTeam "Schachzwerge Magdeburg"]
[BlackTeam "TV Tegernsee"]
[PlyCount "89"]
[WhiteFideId "34684786"]
[BlackFideId "34603450"]
[EventCountry "GER"]
[EventRounds "7"]
[EventType "team-swiss"]
[EventDate "2023.12.26"]

1. e4 { [%emt 00:00:03] [%clk 1:30:56] } 1... e5 { [%emt 00:00:03] [%clk
1:30:56] } 2. Bc4 Nf6 3. d3 Bc5 4. Nf3 Nc6 5. c3 d6 6. d4 exd4 7. cxd4 Bb4+ 8.
Bd2 Bg4 9. Bxb4 Nxb4 10. O-O O-O 11. Nc3 Re8 12. Re1 Bxf3 13. gxf3 d5 14. Bb3
c6 15. a3 Na6 16. Qd2 Qd7 17. Kf1 Rad8 18. Ba4 b5 19. Bc2 dxe4 20. Nxe4 Nxe4
21. Bxe4 Qxd4 22. Qxd4 Rxd4 23. Bxh7+ Kf8 24. Rxe8+ Kxe8 25. Re1+ Kf8 26. Be4
c5 27. h4 g6 28. Ke2 f5 29. Bc2 Rxh4 30. Rg1 Kg7 31. Rd1 Rd4 32. Rxd4 cxd4 33.
Kd3 Nc7 34. Kxd4 Kf6 35. Ke3 Ke5 36. f4+ Kf6 37. b3 Nd5+ 38. Kf3 a5 1-0

[Event "DVM U12 2023"]
[Site "Magdeburg GER"]
[Date "2023.12.29"]
[Round "6"]
[White "Kovalyov, Dima"]
[Black "Li, Yunqi"]
[Result "0-1"]
[Termination "normal"]
[Board "1.1"]
[WhiteElo "1665"]
[BlackElo "1667"]
[WhiteClock "01:11:41"]
[BlackClock "00:29:43"]
[WhiteTeam "SG Solingen"]
[BlackTeam "SF 59 Kornwestheim"]
[PlyCount "74"]
[WhiteFideId "34631631"]
[BlackFideId "34610618"]
[EventCountry "GER"]
[EventRounds "7"]
[EventType "team-swiss"]
[EventDate "2023.12.26"]

1. e4 {[%clk 01:30:57]} {[%emt 00:00:02]} e6 {[%clk 01:30:51]} {[%emt
00:00:09]} 2. Nf3 {[%clk 01:31:23]} {[%emt 00:00:04]} d5 {[%clk 01:31:09]}
{[%emt 00:00:12]} 3. Nc3 {[%clk 01:31:48]} {[%emt 00:00:06]} Nf6 {[%clk
01:30:55]} {[%emt 00:00:43]} 4. e5 {[%clk 01:32:08]} {[%emt 00:00:11]} Nfd7
{[%clk 01:31:12]} {[%emt 00:00:13]} 5. d4 {[%clk 01:32:30]} {[%emt 00:00:07]}
c5 {[%clk 01:31:14]} {[%emt 00:00:28]} 6. dxc5 {[%clk 01:32:55]} {[%emt
00:00:05]} Bxc5 {[%clk 01:30:54]} {[%emt 00:00:51]} 7. Bd3 {[%clk 01:32:50]}
{[%emt 00:00:35]} Nc6 {[%clk 01:27:19]} {[%emt 00:04:05]} 8. Bf4 {[%clk
01:32:55]} {[%emt 00:00:23]} a6 {[%clk 01:21:23]} {[%emt 00:06:28]} 9. Bg3
{[%clk 01:30:31]} {[%emt 00:02:53]} h6 {[%clk 01:16:26]} {[%emt 00:05:28]} 10.
Qe2 {[%clk 01:28:57]} {[%emt 00:02:03]} O-O {[%clk 01:11:53]} {[%emt 00:05:04]}
11. O-O {[%clk 01:27:38]} {[%emt 00:01:49]} Nb4 {[%clk 01:06:51]} {[%emt
00:05:33]} 12. Rad1 {[%clk 01:27:34]} {[%emt 00:00:33]} b5 {[%clk 01:04:33]}
{[%emt 00:02:48]} 13. a3 {[%clk 01:25:48]} {[%emt 00:02:16]} Nxd3 {[%clk
01:03:54]} {[%emt 00:01:09]} 14. cxd3 {[%clk 01:25:30]} {[%emt 00:00:47]} Be7
{[%clk 01:01:38]} {[%emt 00:02:46]} 15. d4 {[%clk 01:25:50]} {[%emt 00:00:11]}
Nb6 {[%clk 01:01:58]} {[%emt 00:00:10]} 16. Nd2 {[%clk 01:24:51]} {[%emt
00:01:29]} Nc4 {[%clk 00:59:40]} {[%emt 00:02:48]} 17. Nxc4 {[%clk 01:24:41]}
{[%emt 00:00:40]} bxc4 {[%clk 00:59:27]} {[%emt 00:00:43]} 18. f4 {[%clk
01:22:06]} {[%emt 00:03:04]} Rb8 {[%clk 00:57:38]} {[%emt 00:02:20]} 19. f5
{[%clk 01:20:32]} {[%emt 00:02:04]} exf5 {[%clk 00:49:29]} {[%emt 00:08:39]}
20. e6 {[%clk 01:18:53]} {[%emt 00:02:10]} Rb3 {[%clk 00:46:59]} {[%emt
00:02:59]} 21. exf7+ {[%clk 01:18:57]} {[%emt 00:00:25]} Rxf7 {[%clk 00:45:06]}
{[%emt 00:02:26]} 22. Rd2 {[%clk 01:18:15]} {[%emt 00:01:10]} Bxa3 {[%clk
00:33:14]} {[%emt 00:12:22]} 23. Qe5 {[%clk 01:16:22]} {[%emt 00:02:22]} Bb7
{[%clk 00:32:28]} {[%emt 00:01:19]} 24. Rxf5 {[%clk 01:14:59]} {[%emt
00:01:51]} Rxf5 {[%clk 00:31:49]} {[%emt 00:01:09]} 25. Qxf5 {[%clk 01:15:24]}
{[%emt 00:00:06]} Qf6 {[%clk 00:29:23]} {[%emt 00:02:55]} 26. Qxf6 {[%clk
01:13:54]} {[%emt 00:02:01]} gxf6 {[%clk 00:28:47]} {[%emt 00:01:06]} 27. Nxd5
{[%clk 01:10:56]} {[%emt 00:03:28]} Bxd5 {[%clk 00:29:03]} {[%emt 00:00:14]}
28. bxa3 {[%clk 01:11:19]} {[%emt 00:00:07]} Rb1+ {[%clk 00:29:02]} {[%emt
00:00:31]} 29. Kf2 {[%clk 01:11:40]} {[%emt 00:00:09]} Be4 {[%clk 00:29:27]}
{[%emt 00:00:05]} 30. Ke3 {[%clk 01:11:20]} {[%emt 00:00:50]} c3 {[%clk
00:29:44]} {[%emt 00:00:14]} 31. Rd3 {[%clk 01:11:17]} {[%emt 00:00:32]} c2
{[%clk 00:28:34]} {[%emt 00:01:40]} 32. Rc3 {[%clk 01:11:40]} {[%emt 00:00:07]}
f5 {[%clk 00:28:58]} {[%emt 00:00:06]} 33. Rxc2 {[%clk 01:10:53]} {[%emt
00:01:17]} Bxc2 {[%clk 00:29:21]} {[%emt 00:00:06]} 34. d5 {[%clk 01:11:12]}
{[%emt 00:00:11]} Be4 {[%clk 00:29:17]} {[%emt 00:00:33]} 35. d6 {[%clk
01:11:35]} {[%emt 00:00:07]} Kf7 {[%clk 00:29:36]} {[%emt 00:00:11]} 36. Bf4
{[%clk 01:11:56]} {[%emt 00:00:09]} h5 {[%clk 00:29:43]} {[%emt 00:00:23]} 37.
g3 {[%clk 01:11:41]} {[%emt 00:00:45]} Ke6 {[%clk 00:29:43]} {[%emt 00:00:32]}
0-1

[Event "DVM U12 2023"]
[Site "Magdeburg GER"]
[Date "2023.12.29"]
[Round "6"]
[White "Retzlaff, Nick"]
[Black "Meijers, Janis"]
[Result "0-1"]
[Termination "normal"]
[Board "1.2"]
[WhiteElo "1527"]
[BlackElo "1418"]
[WhiteClock "00:46:33"]
[BlackClock "01:18:09"]
[WhiteTeam "SF 59 Kornwestheim"]
[BlackTeam "SG Solingen"]
[PlyCount "51"]
[WhiteFideId "34610367"]
[BlackFideId "34143289"]
[EventCountry "GER"]
[EventRounds "7"]
[EventType "team-swiss"]
[EventDate "2023.12.26"]

1. e4 {[%clk 01:30:57]} {[%emt 00:00:02]} c6 {[%clk 01:30:56]} {[%emt
00:00:05]} 2. d4 {[%clk 01:31:22]} {[%emt 00:00:05]} d5 {[%clk 01:31:23]}
{[%emt 00:00:03]} 3. Nc3 {[%clk 01:31:39]} {[%emt 00:00:13]} dxe4 {[%clk
01:31:47]} {[%emt 00:00:07]} 4. Nxe4 {[%clk 01:31:48]} {[%emt 00:00:20]} Nf6
{[%clk 01:32:12]} {[%emt 00:00:04]} 5. Nxf6+ {[%clk 01:31:56]} {[%emt
00:00:23]} exf6 {[%emt 00:00:08]} 6. c3 {[%emt 00:00:18]} Bd6 {[%clk 01:32:35]}
{[%emt 00:00:12]} 7. Bd3 {[%clk 01:32:13]} {[%emt 00:00:42]} O-O {[%clk
01:32:57]} {[%emt 00:00:08]} 8. Ne2 {[%clk 01:32:29]} {[%emt 00:00:14]} Re8
{[%clk 01:32:48]} {[%emt 00:00:39]} 9. Qc2 {[%clk 01:32:33]} {[%emt 00:00:25]}
h5 {[%clk 01:33:03]} {[%emt 00:00:15]} 10. Be3 {[%clk 01:32:26]} {[%emt
00:00:37]} Nd7 {[%clk 01:33:09]} {[%emt 00:00:24]} 11. O-O-O {[%clk 01:27:35]}
{[%emt 00:05:21]} Nf8 {[%clk 01:33:34]} {[%emt 00:00:05]} 12. Ng3 {[%clk
01:19:04]} {[%emt 00:09:00]} Qa5 {[%clk 01:25:49]} {[%emt 00:08:12]} 13. b4
{[%clk 01:10:20]} {[%emt 00:09:17]} Qc7 {[%clk 01:22:06]} {[%emt 00:04:07]} 14.
Ne4 {[%clk 01:00:12]} {[%emt 00:10:44]} a5 {[%clk 01:17:52]} {[%emt 00:04:44]}
15. Nxd6 {[%clk 00:48:24]} {[%emt 00:12:17]} Qxd6 {[%clk 01:18:09]} {[%emt
00:00:14]} 16. b5 {[%emt 00:02:19]} cxb5 17. Bxb5 Bd7 18. Bc4 b5 19. Bd3 Rec8
20. Be4 Rxc3 21. Qxc3 Rc8 22. Qxc8 Qa3+ 23. Kb1 Qb4+ 24. Ka1 Bxc8 25. Rd3 f5
26. Bd5 f4 27. Bd2 Qd6 28. Bf3 Bf5 29. Rb3 b4 30. Be3 fxe3 31. fxe3 a4 32. Rb2
a3 33. Rb3 Bc2 34. Bd1 Bxb3 35. Bxb3 Qc6 36. Bxf7+ Kh8 37. Bc4 Qxg2 38. Rb1 Qd2
39. Rb3 Qc1+ 0-1

[Event "DVM U12 2023"]
[Site "Magdeburg GER"]
[Date "2023.12.29"]
[Round "6"]
[White "Shivkumar, Shreyas"]
[Black "Tu, Audrey"]
[Result "0-1"]
[Termination "normal"]
[Board "1.3"]
[WhiteElo "1405"]
[BlackElo "1369"]
[WhiteClock "01:23:10"]
[BlackClock "00:49:43"]
[WhiteTeam "SG Solingen"]
[BlackTeam "SF 59 Kornwestheim"]
[PlyCount "46"]
[WhiteFideId "34638407"]
[BlackFideId "34628568"]
[EventCountry "GER"]
[EventRounds "7"]
[EventType "team-swiss"]
[EventDate "2023.12.26"]

1. e4 {[%clk 01:30:58]} {[%emt 00:00:01]} e5 {[%clk 01:30:57]} {[%emt
00:00:04]} 2. Nc3 {[%clk 01:31:18]} {[%emt 00:00:09]} Nf6 {[%clk 01:31:23]}
{[%emt 00:00:05]} 3. f4 {[%clk 01:31:41]} {[%emt 00:00:06]} d5 {[%clk
01:31:49]} {[%emt 00:00:04]} 4. fxe5 {[%clk 01:32:02]} {[%emt 00:00:09]} Nxe4
{[%clk 01:31:42]} {[%emt 00:00:37]} 5. Qf3 {[%clk 01:32:19]} {[%emt 00:00:13]}
Nxc3 {[%clk 01:31:10]} {[%emt 00:01:02]} 6. dxc3 {[%clk 01:32:34]} {[%emt
00:00:15]} Nc6 {[%clk 01:31:09]} {[%emt 00:00:32]} 7. Bf4 {[%clk 01:32:50]}
{[%emt 00:00:13]} Be6 {[%clk 01:25:33]} {[%emt 00:06:06]} 8. O-O-O {[%clk
01:31:51]} {[%emt 00:01:27]} Qd7 {[%clk 01:24:07]} {[%emt 00:01:59]} 9. Bb5
{[%clk 01:30:43]} {[%emt 00:01:37]} Bg4 {[%emt 00:03:38]} 10. Rxd5 {[%clk
01:28:55]} {[%emt 00:00:15]} Bxf3 {[%clk 01:22:37]} {[%emt 00:00:55]} 11. Rxd7
{[%clk 01:29:10]} {[%emt 00:00:13]} Kxd7 {[%clk 01:22:57]} {[%emt 00:00:11]}
12. Nxf3 {[%clk 01:29:23]} {[%emt 00:00:17]} Bc5 {[%clk 01:06:30]} {[%emt
00:16:58]} 13. Re1 {[%clk 01:28:17]} {[%emt 00:01:34]} Rae8 {[%clk 00:59:48]}
{[%emt 00:07:13]} 14. Ng5 {[%clk 01:25:37]} {[%emt 00:03:10]} Kc8 {[%clk
00:54:50]} {[%emt 00:05:28]} 15. Bxc6 {[%clk 01:24:03]} {[%emt 00:02:03]} bxc6
{[%clk 00:54:55]} {[%emt 00:00:25]} 16. Nxf7 {[%clk 01:23:46]} {[%emt
00:00:47]} Rhf8 {[%clk 00:54:50]} {[%emt 00:00:36]} 17. e6 {[%clk 01:22:40]}
{[%emt 00:01:36]} Rxf7 {[%emt 00:00:25]} 18. exf7 {[%clk 01:22:18]} {[%emt
00:00:50]} Rxe1+ {[%clk 00:55:17]} {[%emt 00:00:10]} 19. Kd2 {[%clk 01:22:43]}
{[%emt 00:00:05]} Rf1 {[%clk 00:53:11]} {[%emt 00:02:32]} 20. g3 {[%clk
01:22:57]} {[%emt 00:00:18]} Rf2+ {[%clk 00:52:43]} {[%emt 00:00:58]} 21. Kd3
{[%clk 01:23:12]} {[%emt 00:00:13]} Rxh2 {[%clk 00:51:17]} {[%emt 00:01:58]}
22. b4 {[%clk 01:23:21]} {[%emt 00:00:21]} Bf8 {[%clk 00:49:43]} {[%emt
00:02:04]} 23. Ke4 {[%clk 01:23:10]} {[%emt 00:00:41]} Re2+ 0-1